[Event "CAN-op"]
[Site "Edmonton CAN"]
[Date "2009.07.12"]
[Round "2.14"]
[White "Hansen, Eric"]
[Black "Willis, Bradley"]
[Result "1-0"]
[WhiteElo "2472"]
[BlackElo "2072"]
[PlyCount "85"]
[GameId "2160767910155774"]
[EventDate "2009.07.11"]
[EventType "swiss"]
[EventRounds "9"]
[EventCountry "CAN"]

1. d4 Nf6 2. c4 g6 3. Nc3 d5 4. cxd5 Nxd5 5. Nf3 Bg7 6. Qa4+ c6 7. e4 Nxc3 8. bxc3 O-O 9. Be3 Nd7 10. Rd1 b5 11. Qc2 Qa5 12. Be2 Nb6 13. Nd2 Be6 14. Nb3 Qa4 15. O-O Bc4 16. Bxc4 Nxc4 17. Bg5 Rfe8 18. Qe2 h6 19. Bc1 Nb6 20. h4 Qc4 21. Qf3 Na4 22. Rd3 c5 23. h5 Qe6 24. dxc5 Rad8 25. Rfd1 Rxd3 26. Rxd3 Qc4 27. e5 g5 28. Rd4 Qxc3 29. Qe2 a6 30. Ba3 Rc8 31. g3 Rb8 32. Kg2 Kf8 33. Qe4 a5 34. Qd5 Re8 35. c6 b4 36. Bc1 Nb6 37. Qb5 Nc8 38. Qc5 Kg8 39. Qxc3 bxc3 40. f4 f6 41. e6 Nd6 42. Nxa5 f5 43. Rd5 1-0

[Event "CAN-op"]
[Site "Edmonton CAN"]
[Date "2009.07.13"]
[Round "3.14"]
[White "MacKinnon, Keith"]
[Black "Hansen, Eric"]
[Result "0-1"]
[WhiteElo "2241"]
[BlackElo "2472"]
[PlyCount "86"]
[GameId "2160767910155827"]
[EventDate "2009.07.11"]
[EventType "swiss"]
[EventRounds "9"]
[EventCountry "CAN"]

1. e4 c5 2. Nf3 e6 3. d4 cxd4 4. Nxd4 a6 5. Bd3 Bc5 6. Nb3 Be7 7. c4 d6 8. Nc3 Nf6 9. Be3 Nc6 10. O-O O-O 11. Rc1 b6 12. f4 Bb7 13. Be2 Rc8 14. Bf3 Nd7 15. Qe2 Nc5 16. Nd4 Nxd4 17. Bxd4 Qc7 18. e5 Bxf3 19. Qxf3 dxe5 20. Bxe5 Qc6 21. Qxc6 Rxc6 22. Rfd1 f6 23. Bd4 Rfc8 24. b3 Nb7 25. Ne2 Ba3 26. Rc3 Nd6 27. Rcd3 b5 28. cxb5 axb5 29. Rc3 Kf7 30. Rdd3 b4 31. Rxc6 Rxc6 32. Be3 e5 33. fxe5 fxe5 34. Ng3 Ke6 35. Kf2 g6 36. Rd2 h5 37. Kf3 Rc3 38. Ne2 Rc8 39. Ng3 Bc1 40. Rd3 h4 41. Ne4 Nxe4 42. Kxe4 Bxe3 43. Kxe3 Rc2 0-1

[Event "CAN-op"]
[Site "Edmonton CAN"]
[Date "2009.07.14"]
[Round "4.5"]
[White "Hansen, Eric"]
[Black "Mikhalevski, Victor"]
[Result "0-1"]
[WhiteElo "2472"]
[BlackElo "2631"]
[PlyCount "112"]
[GameId "2160767910155919"]
[EventDate "2009.07.11"]
[EventType "swiss"]
[EventRounds "9"]
[EventCountry "CAN"]

1. e4 e5 2. Nf3 Nc6 3. Bb5 a6 4. Ba4 Nf6 5. O-O Be7 6. d3 b5 7. Bb3 d6 8. c3 O-O 9. Re1 Bb7 10. Nbd2 Na5 11. Bc2 c5 12. Nf1 Re8 13. Ng3 g6 14. Bg5 Nd7 15. Bh6 Bf6 16. Qd2 Nf8 17. b4 cxb4 18. cxb4 Nc6 19. Bb3 Ne6 20. Bd5 Nc7 21. Bxc6 Bxc6 22. d4 Rc8 23. Rac1 Na8 24. d5 Bd7 25. Bg5 Bxg5 26. Qxg5 Qxg5 27. Nxg5 Nb6 28. Nf3 Nc4 29. Rc3 f5 30. Rec1 Rf8 31. a4 fxe4 32. Nxe4 Bf5 33. Ng3 Bg4 34. Ng5 Nb6 35. Rxc8 Rxc8 36. Rxc8+ Bxc8 37. axb5 axb5 38. N3e4 Nxd5 39. Nxd6 Bd7 40. Nf3 Kf8 41. Nxe5 Ke7 42. Ne4 Bf5 43. f3 Bxe4 44. fxe4 Nxb4 45. Kf2 Kd6 46. Nf3 Nc6 47. Ke3 Kc5 48. Kd3 h6 49. Nh4 Ne5+ 50. Kc3 b4+ 51. Kb3 Kd4 52. Kxb4 Kxe4 53. g3 g5 54. Ng2 Nd3+ 55. Kc3 Kf3 56. Kxd3 Kxg2 0-1

[Event "CAN-op"]
[Site "Edmonton CAN"]
[Date "2009.07.15"]
[Round "5.13"]
[White "Sundar, Avinaash"]
[Black "Hansen, Eric"]
[Result "0-1"]
[WhiteElo "2210"]
[BlackElo "2472"]
[PlyCount "72"]
[GameId "2160767910156018"]
[EventDate "2009.07.11"]
[EventType "swiss"]
[EventRounds "9"]
[EventCountry "CAN"]

1. Nf3 Nf6 2. g3 d5 3. Bg2 g6 4. d4 Bg7 5. c4 c6 6. cxd5 cxd5 7. Nc3 O-O 8. Ne5 Nbd7 9. O-O e6 10. Nd3 b6 11. e4 dxe4 12. Nxe4 Nd5 13. Nf4 Bb7 14. Qa4 N7f6 15. Nxd5 Nxe4 16. Bxe4 Bxd5 17. Bxd5 Qxd5 18. Be3 Rfd8 19. Rfd1 Rd7 20. Rd2 Rc8 21. Rad1 h5 22. h4 Rc4 23. Qa6 b5 24. b3 Rc6 25. Qa3 Qe4 26. Qb4 a6 27. Qa5 Rd5 28. Kf1 Bf8 29. b4 e5 30. dxe5 Rxd2 31. Bxd2 Qd3+ 32. Kg2 Qe2 33. Rc1 Qxd2 34. Rxc6 Qd5+ 35. Kh2 Qxc6 36. Qd8 Qc2 0-1

[Event "CAN-op"]
[Site "Edmonton CAN"]
[Date "2009.07.17"]
[Round "7"]
[White "Doubleday, William"]
[Black "Hansen, Eric"]
[Result "0-1"]
[WhiteElo "2110"]
[BlackElo "2423"]
[PlyCount "68"]
[GameId "2160767910156199"]
[EventDate "2009.07.11"]
[EventType "swiss"]
[EventRounds "9"]
[EventCountry "CAN"]
[SourceTitle "CBM 132 Extra"]
[Source "ChessBase"]
[SourceDate "2009.11.03"]
[SourceVersion "1"]
[SourceVersionDate "2009.11.03"]
[SourceQuality "1"]

1. d4 Nf6 2. c4 e6 3. Nc3 Bb4 4. e3 O-O 5. Nge2 d5 6. a3 Be7 7. Ng3 c5 8. dxc5 dxc4 9. Qxd8 Rxd8 10. Bxc4 Bxc5 11. b4 Be7 12. Bb2 Nc6 13. Rd1 Bd7 14. Nce4 Rac8 15. Bb3 a5 16. Nxf6+ gxf6 17. Ne4 e5 18. b5 Nb8 19. a4 Be6 20. Rxd8+ Rxd8 21. Bc2 f5 22. Nc3 Bb4 23. f3 Rc8 24. Kd2 Nd7 25. Rc1 Nb6 26. Ba1 Rd8+ 27. Ke2 Bc4+ 28. Ke1 Nd5 29. Bxf5 Nxe3 30. Bh3 Ba3 31. Rb1 Bd3 32. Rb3 Nc2+ 33. Kf2 Bc5+ 34. Kg3 Nxa1 0-1

[Event "CAN-op"]
[Site "Edmonton CAN"]
[Date "2009.07.18"]
[Round "8.11"]
[White "Hansen, Eric"]
[Black "Langer, Mikhail"]
[Result "1-0"]
[WhiteElo "2472"]
[BlackElo "2263"]
[PlyCount "51"]
[GameId "2160767910156254"]
[EventDate "2009.07.11"]
[EventType "swiss"]
[EventRounds "9"]
[EventCountry "CAN"]

1. d4 Nf6 2. c4 c5 3. d5 e6 4. Nc3 exd5 5. cxd5 d6 6. Nf3 g6 7. Nd2 Nbd7 8. e4 Bg7 9. Be2 O-O 10. O-O Re8 11. Qc2 a6 12. a4 Rb8 13. h3 Nb6 14. Re1 Nfd7 15. f4 Qh4 16. Nf3 Qg3 17. Bf1 Bd4+ 18. Kh1 Qf2 19. Qxf2 Bxf2 20. Rd1 h5 21. e5 dxe5 22. fxe5 Bg3 23. a5 Na8 24. e6 fxe6 25. Ne4 Bc7 26. dxe6 1-0

[Event "CAN-op"]
[Site "Edmonton CAN"]
[Date "2009.07.19"]
[Round "9"]
[White "Yoos, John"]
[Black "Hansen, Eric"]
[Result "1-0"]
[WhiteElo "2376"]
[BlackElo "2423"]
[PlyCount "121"]
[GameId "2160767910156338"]
[EventDate "2009.07.11"]
[EventType "swiss"]
[EventRounds "9"]
[EventCountry "CAN"]
[SourceTitle "CBM 132 Extra"]
[Source "ChessBase"]
[SourceDate "2009.11.03"]
[SourceVersion "1"]
[SourceVersionDate "2009.11.03"]
[SourceQuality "1"]

1. e4 c5 2. Nf3 e6 3. d4 cxd4 4. Nxd4 a6 5. Bd3 Nf6 6. Qe2 d6 7. O-O Nbd7 8. c4 g6 9. Nb3 Bg7 10. Bf4 Qe7 11. Nc3 O-O 12. Qd2 Rd8 13. Rad1 e5 14. Bg5 Nb6 15. Rc1 Be6 16. Na5 Rdc8 17. b3 h6 18. Be3 Nbd7 19. Nxb7 Ng4 20. Nd5 Qh4 21. h3 Nxe3 22. Qxe3 Bf8 23. Na5 Rab8 24. a3 h5 25. b4 Kh7 26. Rc2 Bh6 27. Qf3 Rf8 28. Nc7 Qd8 29. Nxa6 Ra8 30. c5 Nxc5 31. Nxc5 dxc5 32. Rxc5 Qd4 33. Rd1 Qb2 34. Bc4 Rad8 35. Rxd8 Rxd8 36. Bxe6 Qb1+ 37. Kh2 Bf4+ 38. g3 Rd3 39. Ba2 Qxa2 40. Qxd3 Qxf2+ 41. Kh1 Be3 42. Qd1 Bxc5 43. bxc5 Qxc5 44. Qe1 Qxa3 45. Nc4 Qc5 46. Qe2 Qd4 47. h4 Kg7 48. Kg2 Kg8 49. Nd2 Qb2 50. Kf2 Qd4+ 51. Qe3 Qb2 52. Ke2 Qa1 53. Qc5 Qb2 54. Qd5 Qc3 55. Nf3 Qb2+ 56. Kf1 Qa1+ 57. Kg2 Qb2+ 58. Qd2 Qa1 59. Ng5 Qa6 60. Qb2 Qc4 61. Qb8+ 1-0

[Event "Calgary CICC op"]
[Site "Calgary CAN"]
[Date "2009.05.14"]
[Round "1"]
[White "Haessel, Dale"]
[Black "Hansen, Eric"]
[Result "0-1"]
[WhiteElo "2203"]
[BlackElo "2398"]
[PlyCount "82"]
[GameId "2160767910156727"]
[EventDate "2009.05.14"]
[EventType "swiss"]
[EventRounds "9"]
[EventCountry "CAN"]
[SourceTitle "CBM 130 Extra"]
[Source "ChessBase"]
[SourceDate "2009.07.02"]
[SourceVersion "2"]
[SourceVersionDate "2009.07.15"]
[SourceQuality "1"]

1. d4 d5 2. c4 c6 3. Nf3 Nf6 4. cxd5 cxd5 5. Nc3 Nc6 6. Bf4 e6 7. e3 Bd6 8. Bd3 Bxf4 9. exf4 O-O 10. O-O Bd7 11. Rc1 Rc8 12. a3 Na5 13. Ne5 Nc4 14. Qe2 Qb6 15. Bxc4 dxc4 16. d5 Rfe8 17. Nxc4 Qa6 18. dxe6 Bxe6 19. Ne5 Bc4 20. Qf3 Bxf1 21. Rxf1 Rcd8 22. g3 Nd7 23. Nd3 Qb6 24. Nd5 Qb3 25. Rc1 Nb6 26. N5b4 a5 27. Rc3 Qe6 28. Nc2 Nd5 29. Rc5 b6 30. Nd4 Qd7 31. Rc4 b5 32. Nc5 Re1+ 33. Kg2 Qe8 34. Rc2 Nf6 35. Nc6 Rdd1 36. Ne5 Rg1+ 37. Kh3 h5 38. Qb7 Nd5 39. Nf3 Rd3 40. Nxg1 Nxf4+ 41. Kh4 Qd8+ 0-1

[Event "Calgary CICC op"]
[Site "Calgary CAN"]
[Date "2009.05.15"]
[Round "2"]
[White "Hansen, Eric"]
[Black "Pechenkin, Vladimir"]
[Result "1-0"]
[WhiteElo "2398"]
[BlackElo "2312"]
[PlyCount "61"]
[GameId "2160767910156735"]
[EventDate "2009.05.14"]
[EventType "swiss"]
[EventRounds "9"]
[EventCountry "CAN"]
[SourceTitle "CBM 130 Extra"]
[Source "ChessBase"]
[SourceDate "2009.07.02"]
[SourceVersion "2"]
[SourceVersionDate "2009.07.15"]
[SourceQuality "1"]

1. e4 d5 2. exd5 Nf6 3. d4 Nxd5 4. Nf3 g6 5. c4 Nb6 6. Nc3 Bg7 7. Be3 O-O 8. h3 Nc6 9. Be2 e5 10. d5 Ne7 11. O-O Nf5 12. Bg5 f6 13. Bc1 c6 14. dxc6 bxc6 15. Ne4 Qe7 16. b3 Bb7 17. c5 Nd5 18. Qc2 a5 19. Ba3 Ba6 20. Bxa6 Rxa6 21. Nd6 Nxd6 22. cxd6 Qb7 23. Rfe1 Rfa8 24. Bc5 a4 25. b4 a3 26. Nd2 Qb5 27. Ne4 Ra4 28. Rad1 R4a6 29. Qb3 Kh8 30. d7 Qb7 31. b5 1-0

[Event "Calgary CICC op"]
[Site "Calgary CAN"]
[Date "2009.05.15"]
[Round "3"]
[White "Kovalyov, Anton"]
[Black "Hansen, Eric"]
[Result "1-0"]
[WhiteElo "2557"]
[BlackElo "2398"]
[PlyCount "91"]
[GameId "2160767910156748"]
[EventDate "2009.05.14"]
[EventType "swiss"]
[EventRounds "9"]
[EventCountry "CAN"]
[SourceTitle "CBM 130 Extra"]
[Source "ChessBase"]
[SourceDate "2009.07.02"]
[SourceVersion "2"]
[SourceVersionDate "2009.07.15"]
[SourceQuality "1"]

1. Nf3 d5 2. d4 Nf6 3. c4 c6 4. Qb3 dxc4 5. Qxc4 Bf5 6. g3 Nbd7 7. Bg2 e6 8. O-O Be7 9. e3 O-O 10. Rd1 Qc7 11. Nc3 Ne4 12. Ne1 Ndf6 13. f3 Nxc3 14. bxc3 e5 15. e4 Be6 16. Qe2 Qa5 17. Bb2 Rad8 18. Kh1 Nd7 19. f4 exd4 20. cxd4 Nb6 21. f5 Bc4 22. Qe3 Na4 23. Ba3 Bxa3 24. Qxa3 b5 25. Qf3 Rfe8 26. f6 Nc3 27. Qg4 g6 28. Qf4 Nxd1 29. Rxd1 Qb4 30. e5 Bd5 31. Nd3 Qa4 32. Nb2 Qa3 33. Rd2 Kh8 34. Nd3 Bc4 35. Nb2 c5 36. d5 Qc3 37. Nxc4 bxc4 38. e6 g5 39. Qf2 Qa1+ 40. Bf1 Qe5 41. Kg1 c3 42. Rd1 Rxe6 43. dxe6 Rxd1 44. Qf3 Qd4+ 45. Kg2 Qd5 46. e7 1-0

[Event "Calgary CICC op"]
[Site "Calgary CAN"]
[Date "2009.05.16"]
[Round "5"]
[White "O'Donnell, Tom"]
[Black "Hansen, Eric"]
[Result "1/2-1/2"]
[WhiteElo "2370"]
[BlackElo "2398"]
[PlyCount "44"]
[GameId "2160767910156771"]
[EventDate "2009.05.14"]
[EventType "swiss"]
[EventRounds "9"]
[EventCountry "CAN"]
[SourceTitle "CBM 130 Extra"]
[Source "ChessBase"]
[SourceDate "2009.07.02"]
[SourceVersion "2"]
[SourceVersionDate "2009.07.15"]
[SourceQuality "1"]

1. e4 c5 2. c3 d6 3. d4 Nf6 4. Bd3 g6 5. Ne2 Bg7 6. O-O O-O 7. h3 e5 8. dxc5 dxc5 9. Be3 b6 10. Qc2 Qe7 11. a4 Nc6 12. Na3 Bb7 13. Nc4 Rac8 14. f3 Rfd8 15. Rad1 Qe6 16. b3 Nh5 17. g4 Nf4 18. Nxf4 exf4 19. Bf2 Bf6 20. Be2 Ba6 21. Be1 Kg7 22. Rxd8 Rxd8 1/2-1/2

[Event "Calgary CICC op"]
[Site "Calgary CAN"]
[Date "2009.05.17"]
[Round "6"]
[White "Castellanos Rodriguez, Renier"]
[Black "Hansen, Eric"]
[Result "1/2-1/2"]
[WhiteElo "2446"]
[BlackElo "2398"]
[PlyCount "68"]
[GameId "2160767910156774"]
[EventDate "2009.05.14"]
[EventType "swiss"]
[EventRounds "9"]
[EventCountry "CAN"]
[SourceTitle "CBM 130 Extra"]
[Source "ChessBase"]
[SourceDate "2009.07.02"]
[SourceVersion "2"]
[SourceVersionDate "2009.07.15"]
[SourceQuality "1"]

1. e4 e6 2. d4 d5 3. Nc3 Bb4 4. e5 c5 5. a3 Bxc3+ 6. bxc3 Qa5 7. Bd2 Qa4 8. Qg4 Kf8 9. Qd1 b6 10. c4 Ne7 11. Nf3 Ba6 12. dxc5 bxc5 13. c3 Qc6 14. Bg5 h6 15. Bxe7+ Kxe7 16. cxd5 Qxd5 17. Bxa6 Qxd1+ 18. Rxd1 Nxa6 19. Rd6 Nb8 20. Ke2 Nd7 21. Rhd1 Nb6 22. c4 Rhc8 23. Nd2 Rab8 24. Ne4 Rc7 25. Rb1 Rbb7 26. f4 f5 27. Nd2 Rd7 28. Rxd7+ Rxd7 29. Rb5 Rc7 30. Kd3 g5 31. g3 Kf7 32. Nb3 Nd7 33. Na5 Nb6 34. Nb3 Nd7 1/2-1/2

[Event "Calgary CICC op"]
[Site "Calgary CAN"]
[Date "2009.05.18"]
[Round "8"]
[White "Hansen, Eric"]
[Black "Kustar, Sandor"]
[Result "1/2-1/2"]
[WhiteElo "2398"]
[BlackElo "2335"]
[PlyCount "93"]
[GameId "2160767910156795"]
[EventDate "2009.05.14"]
[EventType "swiss"]
[EventRounds "9"]
[EventCountry "CAN"]
[SourceTitle "CBM 130 Extra"]
[Source "ChessBase"]
[SourceDate "2009.07.02"]
[SourceVersion "2"]
[SourceVersionDate "2009.07.15"]
[SourceQuality "1"]

1. d4 Nf6 2. Nf3 e6 3. c4 c5 4. Nc3 cxd4 5. Nxd4 b6 6. Ndb5 Bb4 7. Bf4 O-O 8. a3 Bxc3+ 9. Nxc3 d5 10. cxd5 Nxd5 11. Nxd5 exd5 12. e3 Nc6 13. Bd3 Qf6 14. Qc2 h6 15. Rc1 Bb7 16. O-O Rac8 17. Qb1 Nd4 18. b4 Ne6 19. Bg3 d4 20. exd4 Nxd4 21. Rce1 Rfe8 22. f3 Re6 23. Rxe6 Nxe6 24. Re1 Nf4 25. Bh7+ Kh8 26. Bf5 Ne6 27. Rd1 Qg5 28. Re1 Bd5 29. Qd3 Rd8 30. Be5 Ba8 31. Qc2 Bxf3 32. Bxe6 fxe6 33. Bg3 Bd5 34. Qc7 Rf8 35. Qc1 Qg6 36. Rf1 Rxf1+ 37. Qxf1 Qc2 38. Be5 Kg8 39. h3 Qe4 40. Bb2 h5 41. Qf2 h4 42. Bc3 e5 43. Qf3 Qxf3 44. gxf3 Bxf3 45. Bxe5 b5 46. Bb8 a6 47. Bc7 1/2-1/2

[Event "Calgary CICC op"]
[Site "Calgary CAN"]
[Date "2009.05.18"]
[Round "9"]
[White "Peng, David Yu"]
[Black "Hansen, Eric"]
[Result "1/2-1/2"]
[WhiteElo "2245"]
[BlackElo "2398"]
[PlyCount "39"]
[GameId "2160767910156808"]
[EventDate "2009.05.14"]
[EventType "swiss"]
[EventRounds "9"]
[EventCountry "CAN"]
[SourceTitle "CBM 130 Extra"]
[Source "ChessBase"]
[SourceDate "2009.07.02"]
[SourceVersion "2"]
[SourceVersionDate "2009.07.15"]
[SourceQuality "1"]

1. e4 e6 2. d4 d5 3. exd5 exd5 4. Bf4 Bd6 5. Qd2 Ne7 6. Bd3 Bf5 7. Ne2 O-O 8. O-O Bxd3 9. Qxd3 Bxf4 10. Nxf4 Qd6 11. Qf3 c6 12. Nc3 Ng6 13. Nxg6 hxg6 14. Rfe1 Nd7 15. Qg3 Qxg3 16. hxg3 Rfe8 17. Kf1 Kf8 18. Rxe8+ Rxe8 19. Re1 Rxe1+ 20. Kxe1 1/2-1/2

[Event "Alberta-ch"]
[Site "Edmonton CAN"]
[Date "2009.04.10"]
[Round "1"]
[White "Hansen, Eric"]
[Black "Gardner, Robert"]
[Result "1-0"]
[WhiteElo "2398"]
[BlackElo "2143"]
[PlyCount "67"]
[GameId "2160767910157311"]
[EventDate "2009.04.10"]
[EventType "tourn"]
[EventRounds "5"]
[EventCountry "CAN"]
[EventCategory "2"]
[SourceTitle "EXT 2011"]
[Source "ChessBase"]
[SourceDate "2011.11.26"]
[SourceVersion "1"]
[SourceVersionDate "2011.11.26"]
[SourceQuality "1"]

1. d4 Nf6 2. c4 e6 3. Nf3 b6 4. g3 Bb7 5. Bg2 Be7 6. O-O O-O 7. Nc3 Ne4 8. Bd2 f5 9. Qc2 Nxc3 10. Bxc3 Bf6 11. Rfd1 d6 12. Ne1 Bxg2 13. Nxg2 Qe7 14. e4 g6 15. exf5 exf5 16. Nf4 Nd7 17. Re1 Qf7 18. Ne6 Rfc8 19. Qa4 Nf8 20. Nf4 Qd7 21. Qb3 Re8 22. Nd5 Bg7 23. c5 Kh8 24. c6 Qf7 25. Nf4 Qxb3 26. axb3 a5 27. Nd5 Rac8 28. Re7 Rxe7 29. Nxe7 Rb8 30. Re1 Bf6 31. Nd5 Bd8 32. Nxc7 Bxc7 33. d5+ Kg8 34. Re7 1-0

[Event "Alberta-ch"]
[Site "Edmonton CAN"]
[Date "2009.04.11"]
[Round "2"]
[White "Reeve, Jeff"]
[Black "Hansen, Eric"]
[Result "1-0"]
[WhiteElo "2241"]
[BlackElo "2398"]
[PlyCount "51"]
[GameId "2160767910157316"]
[EventDate "2009.04.10"]
[EventType "tourn"]
[EventRounds "5"]
[EventCountry "CAN"]
[EventCategory "2"]
[SourceTitle "EXT 2011"]
[Source "ChessBase"]
[SourceDate "2011.11.26"]
[SourceVersion "1"]
[SourceVersionDate "2011.11.26"]
[SourceQuality "1"]

1. e4 c5 2. Nf3 Nc6 3. d4 cxd4 4. Nxd4 e5 5. Nb5 d6 6. N1c3 a6 7. Na3 Be7 8. Nc4 b5 9. Ne3 Nf6 10. a4 b4 11. Ncd5 O-O 12. Bc4 Be6 13. Qd3 Nd7 14. Nxe7+ Qxe7 15. Nd5 Qh4 16. Be3 Na5 17. Bxa6 Bxd5 18. exd5 f5 19. Bb5 e4 20. Qd2 Ne5 21. Qxb4 Qg4 22. Qxd6 f4 23. Qxe5 fxe3 24. Qe6+ Qxe6 25. dxe6 Rxf2 26. b4 1-0

[Event "Alberta-ch"]
[Site "Edmonton CAN"]
[Date "2009.04.11"]
[Round "3"]
[White "Hansen, Eric"]
[Black "Huber, Gregory"]
[Result "1-0"]
[WhiteElo "2398"]
[BlackElo "2245"]
[PlyCount "113"]
[GameId "2160767910157318"]
[EventDate "2009.04.10"]
[EventType "tourn"]
[EventRounds "5"]
[EventCountry "CAN"]
[EventCategory "2"]
[SourceTitle "EXT 2011"]
[Source "ChessBase"]
[SourceDate "2011.11.26"]
[SourceVersion "1"]
[SourceVersionDate "2011.11.26"]
[SourceQuality "1"]

1. Nf3 Nf6 2. c4 c5 3. g3 b6 4. Bg2 Bb7 5. O-O e6 6. Nc3 a6 7. d4 cxd4 8. Qxd4 d6 9. Rd1 Be7 10. b3 Nbd7 11. Bb2 Qc7 12. Rac1 O-O 13. Ne1 Bxg2 14. Nxg2 Rfd8 15. Ne3 Qc5 16. Qf4 Qh5 17. Rc2 Ne5 18. Kg2 Rab8 19. Ne4 Nxe4 20. Qxe4 f5 21. Qd4 Bf6 22. Qd2 g5 23. Qb4 a5 24. Qe1 f4 25. Bxe5 Bxe5 26. Nf1 Rf8 27. Rd3 Rb7 28. h3 fxg3 29. Nxg3 Qh4 30. Rf3 Bxg3 31. fxg3 Qe4 32. Qd2 Rbf7 33. Rcc3 h6 34. Rce3 Qc6 35. Qd3 Rf6 36. Re4 Kg7 37. Rd4 e5 38. Rd5 R8f7 39. Qe3 Qc7 40. Rb5 Qc6 41. Rxb6 Rxf3 42. exf3 Rxf3 43. Qxe5+ dxe5 44. Rxc6 Rd3 45. Rc5 Kf6 46. Rxa5 Kf5 47. Rd5 Rc3 48. Rd2 Ke4 49. b4 Rxc4 50. Rb2 Kd3 51. b5 e4 52. b6 Rc8 53. b7 Rb8 54. Kf2 Kc3 55. Rb6 Kd4 56. Ke2 Kc5 57. Rb1 1-0

[Event "Alberta-ch"]
[Site "Edmonton CAN"]
[Date "2009.04.12"]
[Round "4"]
[White "Porper, Edward"]
[Black "Hansen, Eric"]
[Result "0-1"]
[WhiteElo "2435"]
[BlackElo "2398"]
[PlyCount "94"]
[GameId "2160767910157322"]
[EventDate "2009.04.10"]
[EventType "tourn"]
[EventRounds "5"]
[EventCountry "CAN"]
[EventCategory "2"]
[SourceTitle "EXT 2011"]
[Source "ChessBase"]
[SourceDate "2011.11.26"]
[SourceVersion "1"]
[SourceVersionDate "2011.11.26"]
[SourceQuality "1"]

1. d4 d5 2. c4 c6 3. Nf3 Nf6 4. e3 e6 5. Bd3 Nbd7 6. Nbd2 Bd6 7. O-O O-O 8. e4 dxe4 9. Nxe4 Nxe4 10. Bxe4 Nf6 11. Bc2 b6 12. Qd3 h6 13. Bd2 Qc7 14. Bc3 Re8 15. Rfe1 Bb7 16. c5 Be7 17. Ne5 Rad8 18. cxb6 axb6 19. Ng4 c5 20. Nxf6+ Bxf6 21. Qh7+ Kf8 22. dxc5 Bxc3 23. bxc3 Qxc5 24. Re3 Rd2 25. Be4 Bxe4 26. Qxe4 Red8 27. h3 Rd1+ 28. Rxd1 Rxd1+ 29. Kh2 Qc7+ 30. Rg3 h5 31. h4 g6 32. a4 Kg7 33. Qe2 Ra1 34. Qe4 Qd6 35. Qd4+ Qxd4 36. cxd4 Rxa4 37. Rd3 Kf6 38. g3 b5 39. d5 e5 40. Rb3 b4 41. Rf3+ Ke7 42. d6+ Kxd6 43. Rxf7 Ra5 44. Rf6+ Kc5 45. Rxg6 b3 46. Re6 Kc4 47. Rc6+ Rc5 0-1

[Event "Alberta-ch"]
[Site "Edmonton CAN"]
[Date "2009.04.12"]
[Round "5"]
[White "Hansen, Eric"]
[Black "Pechenkin, Vladimir"]
[Result "1-0"]
[WhiteElo "2398"]
[BlackElo "2312"]
[PlyCount "77"]
[GameId "2160767910157324"]
[EventDate "2009.04.10"]
[EventType "tourn"]
[EventRounds "5"]
[EventCountry "CAN"]
[EventCategory "2"]
[SourceTitle "EXT 2011"]
[Source "ChessBase"]
[SourceDate "2011.11.26"]
[SourceVersion "1"]
[SourceVersionDate "2011.11.26"]
[SourceQuality "1"]

1. e4 Nf6 2. e5 Nd5 3. d4 d6 4. Nf3 g6 5. Be2 Bg7 6. O-O O-O 7. c4 Nb6 8. exd6 cxd6 9. h3 e5 10. Nc3 Nc6 11. Be3 exd4 12. Nxd4 Nxd4 13. Bxd4 Be6 14. b3 Qg5 15. Ne4 Qf4 16. Bxg7 Kxg7 17. Qd4+ Qe5 18. Qxe5+ dxe5 19. Nc5 Bc8 20. Bf3 Rb8 21. Rfe1 Re8 22. Rad1 f5 23. a4 e4 24. a5 Na8 25. Nd7 Bxd7 26. Rxd7+ Kf6 27. Be2 Re7 28. Rxe7 Kxe7 29. f3 exf3 30. Bxf3+ Kd7 31. g4 fxg4 32. Bxg4+ Kd6 33. b4 Nc7 34. Rd1+ Ke5 35. Rd7 h5 36. Bf3 Kf4 37. Kf2 Na6 38. b5 Nc5 39. Rd4+ 1-0

[Event "March of Kings"]
[Site "Edmonton CAN"]
[Date "2009.03.14"]
[Round "1"]
[White "Hansen, Eric"]
[Black "Usselman, Paul"]
[Result "1-0"]
[WhiteElo "2398"]
[BlackElo "1862"]
[PlyCount "67"]
[GameId "2160767910231557"]
[EventDate "2009.03.14"]
[EventType "swiss"]
[EventRounds "5"]
[EventCountry "CAN"]
[SourceTitle "EXT 2011"]
[Source "ChessBase"]
[SourceDate "2011.11.26"]
[SourceVersion "1"]
[SourceVersionDate "2011.11.26"]
[SourceQuality "1"]

1. e4 c5 2. Nf3 a6 3. c3 d6 4. d4 Nd7 5. Bd3 Qc7 6. O-O Ngf6 7. Qe2 e5 8. a4 b6 9. Nbd2 g6 10. Nc4 Bg7 11. a5 b5 12. Nb6 Nxb6 13. axb6 Qb8 14. dxc5 dxc5 15. Nxe5 Qxe5 16. Bxb5+ Kf8 17. Bxa6 Bxa6 18. Rxa6 Rb8 19. f3 h5 20. Be3 Bh6 21. Bf2 Kg7 22. Qc4 Rhc8 23. Ra7 Qe8 24. e5 Nd7 25. e6 Nxb6 26. exf7 Qf8 27. Qe6 Bf4 28. Bh4 g5 29. Bg3 Bxg3 30. hxg3 c4 31. Qe5+ Kg6 32. Rd1 Qc5+ 33. Qxc5 Rxc5 34. Rb7 1-0

[Event "March of Kings"]
[Site "Edmonton CAN"]
[Date "2009.03.14"]
[Round "2"]
[White "Daniluk, Jim"]
[Black "Hansen, Eric"]
[Result "0-1"]
[WhiteElo "2007"]
[BlackElo "2398"]
[PlyCount "60"]
[GameId "2160767910231564"]
[EventDate "2009.03.14"]
[EventType "swiss"]
[EventRounds "5"]
[EventCountry "CAN"]
[SourceTitle "EXT 2011"]
[Source "ChessBase"]
[SourceDate "2011.11.26"]
[SourceVersion "1"]
[SourceVersionDate "2011.11.26"]
[SourceQuality "1"]

1. d4 Nf6 2. Nf3 e6 3. c4 b6 4. g3 Bb7 5. Bg2 Be7 6. O-O O-O 7. d5 exd5 8. Nd4 c6 9. cxd5 Nxd5 10. Nf5 Nc7 11. e4 d5 12. Bh6 Ne6 13. Qg4 Bf6 14. exd5 cxd5 15. Nc3 Kh8 16. Be3 Na6 17. Rad1 Nac7 18. Rfe1 Qd7 19. h4 Rae8 20. Rf1 g6 21. Nd4 Bg7 22. h5 f5 23. Qh3 Bxd4 24. Rxd4 Nxd4 25. Bxd4+ Kg8 26. hxg6 Re6 27. g7 Rf7 28. a4 Qd6 29. Nd1 Rh6 30. Be5 Qe6 0-1

[Event "March of Kings"]
[Site "Edmonton CAN"]
[Date "2009.03.14"]
[Round "3"]
[White "Hansen, Eric"]
[Black "Vasilev, Stephan"]
[Result "1-0"]
[WhiteElo "2398"]
[BlackElo "2176"]
[PlyCount "63"]
[GameId "2160767910231571"]
[EventDate "2009.03.14"]
[EventType "swiss"]
[EventRounds "5"]
[EventCountry "CAN"]
[SourceTitle "EXT 2011"]
[Source "ChessBase"]
[SourceDate "2011.11.26"]
[SourceVersion "1"]
[SourceVersionDate "2011.11.26"]
[SourceQuality "1"]

1. e4 g5 2. d4 h6 3. Nc3 Nc6 4. h4 g4 5. Be3 d6 6. Nge2 Bg7 7. Qd2 a6 8. Ng3 h5 9. O-O-O b5 10. f3 e5 11. d5 Nd4 12. Nce2 gxf3 13. Nxd4 exd4 14. Bxd4 Bh6 15. Be3 Bg4 16. Re1 Qf6 17. gxf3 Qxf3 18. Bxh6 Rxh6 19. Re3 Qf4 20. e5 O-O-O 21. exd6 Rhxd6 22. Bg2 Be6 23. Nxh5 Qh6 24. Ng3 Bxd5 25. Nf5 Bc6 26. Qf2 Rd2 27. Qxd2 Rxd2 28. Nxh6 Rxg2 29. Nxf7 Rf2 30. Rg1 Nf6 31. Ng5 Rh2 32. Rh3 1-0